[Event "ARG-ch sf U2300 Ariel Petrocelli"]
[Site "Salta"]
[Date "2017.07.08"]
[Round "1.4"]
[White "Rodriguez, Luis Jose Lucio"]
[Black "Chiappero, Raul"]
[Result "0-1"]
[WhiteElo "2009"]
[BlackElo "1742"]
[PlyCount "80"]
[EventDate "2017.07.08"]
[EventType "swiss"]
[EventRounds "6"]
[EventCountry "ARG"]
[SourceTitle "EXT 2024"]
[Source "ChessBase"]
[SourceDate "2023.10.10"]
[SourceVersion "1"]
[SourceVersionDate "2023.10.10"]
[SourceQuality "1"]

1. d4 d5 2. c4 c6 3. Nc3 f5 4. Bg5 Nf6 5. e3 e6 6. Nf3 Bd6 7. Ne5 0-0 8. Bd3 Nbd7 9. f4 Qb6 10. Qb3 h6 11. Bh4 Bxe5 12. fxe5 Ng4 13. Qxb6 axb6 14. Nd1 f4 15. e4 g5 16. Bf2 c5 17. cxd5 Nxf2 18. Nxf2 cxd4 19. h4 Nxe5 20. hxg5 hxg5 21. Rh5 Kg7 22. Rxg5+ Kf6 23. Rh5 Bd7 24. a3 Rg8 25. Rh6+ Ke7 26. Rh7+ Kd6 27. dxe6 Bxe6 28. Bf1 Rac8 29. Rxb7 f3 30. Rxb6+ Ke7 31. g3 Rc2 32. Rd1 Rd8 33. a4 Ng4 34. Rxe6+ Kxe6 35. Bh3 Re2+ 36. Kf1 Rxf2+ 37. Kg1 Rg2+ 38. Bxg2 fxg2 39. Ra1 Ne3 40. a5 Rf8 0-1